L'homme et le langage
| Main Author: | |
|---|---|
| Format: | Electronic Article |
| Language: | French |
| Check availability: | HBZ Gateway |
| Interlibrary Loan: | Interlibrary Loan for the Fachinformationsdienste (Specialized Information Services in Germany) |
| Published: |
1986
|
| In: |
Revue de théologie et de philosophie
Year: 1986, Volume: 36, Issue: 1, Pages: 11-20 |
| Online Access: |
Volltext (kostenfrei) Volltext (kostenfrei) |
MARC
| LEADER | 00000caa a22000002c 4500 | ||
|---|---|---|---|
| 001 | 1806067544 | ||
| 003 | DE-627 | ||
| 005 | 20250324235611.0 | ||
| 007 | cr uuu---uuuuu | ||
| 008 | 220604s1986 xx |||||o 00| ||fre c | ||
| 024 | 7 | |a 10.5169/seals-381300 |2 doi | |
| 035 | |a (DE-627)1806067544 | ||
| 035 | |a (DE-599)KXP1806067544 | ||
| 040 | |a DE-627 |b ger |c DE-627 |e rda | ||
| 041 | |a fre | ||
| 084 | |a 1 |2 ssgn | ||
| 100 | 1 | |8 1\p |e VerfasserIn |0 (DE-588)118537032 |0 (DE-627)135606071 |0 (DE-576)161044387 |4 aut |a Gadamer, Hans-Georg |d 1900-2002 | |
| 109 | |a Jiadamo'er 1900-2002 |a Gkantamer, Chans-Gkeornk 1900-2002 |a Ġādāmīr, Hāns Ġiyūrġ 1900-2002 |a Gadamer, Gans-Georg 1900-2002 |a Gadamer, H.-G. 1900-2002 |a Gadamer, H. G. 1900-2002 |a Hadamer, Hans-Heorg 1900-2002 |a Gadamer, Georg 1900-2002 |a Gādāmir, Hāns Giʾyūrg 1900-2002 |a Gadamā, Hansu-Georuku 1900-2002 |a Gadamer, G.-G. 1900-2002 |a Han si-Ge ao er ge Jia da mo er 1900-2002 |a Gadamer, Chans-Georg 1900-2002 |a Gadamer, Hans G. 1900-2002 |a Gadamer, Hans Georg 1900-2002 |a Gadamer, Hans-Georg 1900-2002 |a Jia da mo er 1900-2002 |a Hansi-Geaoerge-Jiadamoer 1900-2002 |a Kadamŏ, Hansŭ-Keorŭk'ŭ 1900-2002 |a Gādamā, Hansu Georuku 1900-2002 |a Ġādāmīr, Hānz Ǧūrǧ 1900-2002 |a Hansi-Geao'erge Jiadamo'er 1900-2002 |a Jiadamoer, Hansi-Geaoerge 1900-2002 |a Jiadamoer, Hansi Geaoerge 1900-2002 | ||
| 245 | 1 | 0 | |a L'homme et le langage |
| 264 | 1 | |c 1986 | |
| 336 | |a Text |b txt |2 rdacontent | ||
| 337 | |a Computermedien |b c |2 rdamedia | ||
| 338 | |a Online-Ressource |b cr |2 rdacarrier | ||
| 773 | 0 | 8 | |i Enthalten in |t Revue de théologie et de philosophie |d Genf : ATAR, 1913 |g 36(1986), 1, Seite 11-20 |h Online-Ressource |w (DE-627)792130901 |w (DE-600)2780028-3 |w (DE-576)41048640X |7 nnas |
| 773 | 1 | 8 | |g volume:36 |g year:1986 |g number:1 |g pages:11-20 |
| 856 | 4 | 0 | |u https://doi.org/10.5169/seals-381300 |x Resolving-System |z kostenfrei |3 Volltext |7 0 |
| 856 | 4 | 0 | |u https://www.e-periodica.ch/digbib/view?pid=rtp-003:1986:36::470 |x Verlag |z kostenfrei |3 Volltext |7 0 |
| 883 | |8 1\p |a cgwrk |d 20250301 |q DE-101 |u https://d-nb.info/provenance/plan#cgwrk | ||
| 935 | |a mteo | ||
| 951 | |a AR | ||
| ELC | |a 1 | ||
| LOK | |0 000 xxxxxcx a22 zn 4500 | ||
| LOK | |0 001 4143391740 | ||
| LOK | |0 003 DE-627 | ||
| LOK | |0 004 1806067544 | ||
| LOK | |0 005 20220604053528 | ||
| LOK | |0 008 220604||||||||||||||||ger||||||| | ||
| LOK | |0 035 |a (DE-Tue135)IxTheo#2022-06-01#E09C0761BB86EBC25168A9469EF25C087131013F | ||
| LOK | |0 040 |a DE-Tue135 |c DE-627 |d DE-Tue135 | ||
| LOK | |0 092 |o n | ||
| LOK | |0 852 |a DE-Tue135 | ||
| LOK | |0 852 1 |9 00 | ||
| LOK | |0 935 |a ixzs |a ixrk |a zota | ||
| LOK | |0 939 |a 04-06-22 |b l01 | ||
| OAS | |a 1 | ||
| ORI | |a SA-MARC-ixtheoa001.raw | ||